[Event "American Continental"]
[Site "Buenos Aires ARG"]
[Date "2005.08.06"]
[Round "1"]
[White "Mieles Palau,D"]
[Black "Burijovich,L"]
[Result "1-0"]
[WhiteElo "2476"]
[BlackElo "2211"]

1.e4 c5 2.Nc3 e6 3.Nge2 Nc6 4.d4 cxd4 5.Nxd4 Qc7 6.Be3 a6 7.Qd2 Nf6 8.f3 Bb4
9.a3 Be7 10.g4 d6 11.O-O-O O-O 12.g5 Nd7 13.f4 b5 14.f5 Nde5 15.f6 gxf6 16.Nxc6 Qxc6
17.gxf6 Bxf6 18.Bh6 Bg7 19.Rg1 Ng6 20.h4 Qc5 21.Be2 b4 22.axb4 Qxb4 23.Bxg7 Kxg7
24.h5 Rb8 25.Qd4+ Qxd4 26.Rxd4 Rb6 27.hxg6 hxg6 28.Rgd1 Rd8 29.e5 d5 30.Ne4 Rh8
31.Nd6 f5 32.exf6+ Kxf6 33.Rf1+ Ke7 34.Nxc8+ Rxc8 35.Rg1 Kf6 36.Rf4+ Ke5
37.Rfg4 Rcb8 38.b3 Rc6 39.Kd2 a5 40.Rxg6 Rb4 41.Bd3 a4 42.Re1+ Kf4 43.bxa4  1-0

[Event "15th ETC"]
[Site "Gothenburg SWE"]
[Date "2005.08.06"]
[Round "8"]
[White "Nevednichy,V"]
[Black "Ivanisevic,I"]
[Result "0-1"]
[WhiteElo "2583"]
[BlackElo "2577"]

1.e4 c5 2.Nf3 e6 3.d4 cxd4 4.Nxd4 Nc6 5.Nc3 Qc7 6.Be2 a6 7.O-O Nf6 8.a4 h5
9.Nxc6 dxc6 10.f4 e5 11.f5 b6 12.Be3 Bb7 13.Kh1 Bb4 14.Bf3 h4 15.h3 Bxc3
16.bxc3 c5 17.Bg5 Nxe4 18.Bxe4 Bxe4 19.Qg4 Bc6 20.f6 g6 21.Rae1 Rh5 22.Rf2 Kf8
23.Bxh4 Qc8 24.Qg3 Qe6 25.Kg1 e4 26.Bg5 Re8 27.h4 Kg8 28.Rd2 a5 29.Qc7 Bxa4
30.Rd6 Qe5 31.Qxb6 Qxc3 32.Re3 Qb4 33.c3 Qxb6 34.Rxb6 Bc2 35.Rb5 a4 36.Rxc5 Rh8
37.Rc7 Ra8 38.Re1 a3 39.Kf2 a2 40.Ra1 Bb3 41.c4 Ra4 42.c5 Kh7 43.Rb7 Bd5
44.Rb2 Rc8 45.Be3 Ra3 46.Rc2 Rc6 47.Bg5 e3+ 48.Ke2 Bb3 49.Rcc1 Ba4 50.Ke1 Bb5
51.Rc2 Rca6 52.Rb2 Bc6 53.Ke2 R6a4 54.g3 Bd5 55.Rc2 Bc4+ 56.Kf3 Bd5+ 57.Ke2 Rb3
58.Raxa2 Bc4+  0-1

[Event "15th ETC"]
[Site "Gothenburg SWE"]
[Date "2005.08.06"]
[Round "8"]
[White "Cheparinov,I"]
[Black "Pelletier,Y"]
[Result "1/2-1/2"]
[WhiteElo "2634"]
[BlackElo "2603"]

1.e4 c5 2.Nf3 e6 3.d4 cxd4 4.Nxd4 Nc6 5.Nc3 Qc7 6.Be3 Nf6 7.Ndb5 Qb8 8.f4 d6
9.Qd2 a6 10.Nd4 Be7 11.O-O-O Bd7 12.Kb1 b5 13.Bd3 O-O 14.Nf3 Rd8 15.g4 Nxg4
16.Rhg1 Nxe3 17.Qxe3 Qa7 18.Qe2 Nb4 19.Rg3 Nxd3 20.cxd3 b4 21.Rdg1 g6 22.Nd1 Rac8
23.Ne3 Qc5 24.h4 Rc7 25.Nd2 Rdc8 26.Nb3 Qb5 27.h5 Be8 28.hxg6 fxg6 29.f5 exf5
30.Nd5 f4 31.Nxc7 Rxc7 32.Rg4 a5 33.Rxf4 a4 34.Nd2 Qc5 35.Nf3 b3 36.d4 bxa2+
37.Ka1 Qb4 38.Qd2 Qb3 39.Rc1 Rxc1+ 40.Qxc1 g5 41.Rf5 Bg6 42.Qc8+ Kg7 43.Qd7  1/2-1/2

[Event "15th ETC Women"]
[Site "Gothenburg SWE"]
[Date "2005.08.06"]
[Round "8"]
[White "Fakhiridou,E"]
[Black "Velcheva,M"]
[Result "1/2-1/2"]
[WhiteElo "2272"]
[BlackElo "2274"]

1.e4 c5 2.Nf3 e6 3.d4 cxd4 4.Nxd4 Nc6 5.Nc3 Qc7 6.Be2 Nf6 7.Be3 a6 8.O-O Be7
9.f4 d6 10.Qe1 Bd7 11.Rd1 b5 12.a3 O-O 13.Qg3 Nxd4 14.Bxd4 Bc6 15.Kh1 Rad8
16.Bf3 Qb7 17.Rfe1 g6 18.e5 Ne8 19.Bxc6 Qxc6 20.Ne4 dxe5 21.fxe5 Ng7 22.Qc3 Qb7
23.Nf6+ Bxf6 24.exf6 Nf5 25.Bc5 Rfe8 26.Rd3 Rxd3 27.Qxd3 Qc6 28.Re5 Qc7 29.Qe2 Qd8
30.g4 Nh4 31.Be7 Qd4 32.c3 Qf4 33.Re3 g5 34.Rd3 h6 35.Rd4 Qc1+ 36.Rd1 Qf4
37.Rd4 Qc1+ 38.Rd1 Qf4 39.Rd4  1/2-1/2

[Event "ch-IRI Semi-Final"]
[Site "Tehran IRI"]
[Date "2005.08.06"]
[Round "4"]
[White "Sharbaf,M"]
[Black "Ahmadinia,E"]
[Result "1-0"]
[WhiteElo "2346"]
[BlackElo "2195"]

1.e4 c5 2.Nc3 e6 3.Nf3 Nc6 4.d4 cxd4 5.Nxd4 a6 6.Be3 Qc7 7.Bd3 Nf6 8.O-O Nxd4
9.Bxd4 Bc5 10.Bxc5 Qxc5 11.Kh1 d6 12.f4 Bd7 13.Qe2 Bc6 14.e5 Nd7 15.exd6 Qxd6
16.Rad1 Qe7 17.Be4 Rc8 18.f5 O-O 19.Bxc6 Rxc6 20.Nd5 Qd8 21.Nb4 Rb6 22.fxe6 Rxe6
23.Qd3 Qh4 24.Qxd7 Qxb4 25.c3 Qe7 26.Qxe7 Rxe7 27.Rfe1 Rc7 28.Rd6 f5 29.Re5 g6
30.h4 Kg7 31.Kh2 Kh6 32.Kh3 Rff7 33.Kg3 Kh5 34.Rd4 Rce7 35.Rxe7 Rxe7 36.Kf3 h6
37.c4 g5 38.hxg5 hxg5 39.c5 f4 40.Rb4 Re3+ 41.Kf2 Re7 42.Rb6 Kg4 43.b4 Re4
44.Rxb7 Rc4 45.Ke2 Rc2+ 46.Kd3 Rxg2 47.c6 Rg1 48.a4 Rc1 49.b5 f3 50.Rf7 axb5
51.axb5 Kg3 52.c7 f2 53.b6 Kg2 54.b7 Rxc7 55.Rxf2+ Kxf2 56.b8=Q Rh7 57.Ke4 Rh3
58.Qb2+ Kf1 59.Qc1+  1-0

[Event "American Continental"]
[Site "Buenos Aires ARG"]
[Date "2005.08.07"]
[Round "2"]
[White "De Dovitiis,A"]
[Black "Sunye Neto,J"]
[Result "0-1"]
[WhiteElo "2345"]
[BlackElo "2530"]

1.e4 c5 2.Nf3 e6 3.d4 cxd4 4.Nxd4 Nc6 5.Nc3 Qc7 6.Be3 a6 7.Bd3 Nf6 8.O-O b5
9.Qe2 Bb7 10.f4 h5 11.Nf3 Ng4 12.Bd2 Bc5+ 13.Kh1 Qb6 14.Nd1 b4 15.Be1 a5
16.h3 Nd4 17.Nxd4 Bxd4 18.Bh4 Nf6 19.a3 Bc5 20.axb4 axb4 21.Rxa8+ Bxa8 22.e5 Nd5
23.f5 Ne7 24.fxe6 dxe6 25.Nf2 Nf5 26.Bxf5 exf5 27.Nd3 Be4 28.Rd1 O-O 29.Qxh5 Bd4
30.Be7 Rc8 31.Qe2 Qb5 32.Bxb4 Bxb2 33.Bd6 Qc4 34.Rb1 Bd4 35.Rb8 Rxb8 36.Bxb8 Qb5
37.Bd6 Qb1+ 38.Kh2 Qg1+ 39.Kg3 g5 40.Be7 f4+ 41.Kg4 Bxg2 42.Kf5 f3 43.Qd2 Bxh3+
44.Kf6 f2 45.Nxf2 Qxf2+ 46.Qxf2 Bxf2 47.Kxg5 Be6 48.Bd6 Bg3 49.c3 Kg7 50.Kh5 Bf4
51.Bc7 Kf8 52.Bd6+ Ke8  0-1

[Event "American Continental"]
[Site "Buenos Aires ARG"]
[Date "2005.08.07"]
[Round "2"]
[White "Valerga,D"]
[Black "Needleman,G"]
[Result "1/2-1/2"]
[WhiteElo "2499"]
[BlackElo "2242"]

1.e4 c5 2.Nf3 e6 3.d4 cxd4 4.Nxd4 Nc6 5.Nc3 Qc7 6.Be3 a6 7.Qd2 Nf6 8.O-O-O Nxd4
9.Qxd4 d6 10.f3 b5 11.g4 Bb7 12.g5 Nd7 13.Kb1 Rc8 14.a3 Ne5 15.Be2 Nc4 16.Bxc4 Qxc4
17.h4 Qxd4 18.Bxd4 h6 19.Rdg1 hxg5 20.hxg5 Rxh1 21.Rxh1 Be7 22.Rh8+ Kd7 23.Rh7 Rg8
24.f4 e5 25.fxe5 dxe5 26.Bxe5 Bxg5 27.Rxg7  1/2-1/2

[Event "It"]
[Site "Montreal CAN"]
[Date "2005.08.07"]
[Round "5"]
[White "Tyomkin,D"]
[Black "Golod,V"]
[Result "1/2-1/2"]
[WhiteElo "2467"]
[BlackElo "2582"]

1.e4 c5 2.Nf3 e6 3.Nc3 Nc6 4.d4 cxd4 5.Nxd4 a6 6.Be2 d6 7.Be3 Nf6 8.O-O Be7
9.f4 O-O 10.Qe1 Nxd4 11.Bxd4 b5 12.a3 Bb7 13.Bd3 Nd7 14.Rd1 e5 15.Be3 Bf6
16.Kh1 exf4 17.Bxf4 Be5 18.Ne2 Qe7 19.Ng3 g6 20.c3 Bxf4 21.Rxf4 Ne5 22.Bb1 Rac8
23.Ba2 Nc4 24.Qf2 Qe5 25.Rf1 Rc7 26.a4 Bc8 27.axb5 axb5 28.Bb1 Be6 29.Bd3 Qc5
30.Qxc5  1/2-1/2

[Event "Petrovskaya Ladya IM"]
[Site "Peterhof RUS"]
[Date "2005.08.07"]
[Round "9"]
[White "Lintchevski,D"]
[Black "Gerasimov,Y"]
[Result "1-0"]
[WhiteElo "2332"]
[BlackElo "2298"]

1.e4 c5 2.Nf3 Nc6 3.Nc3 e6 4.d4 cxd4 5.Nxd4 Nf6 6.Be2 Bb4 7.O-O O-O 8.Nxc6 bxc6
9.e5 Nd5 10.Ne4 Qc7 11.Nd6 Bxd6 12.exd6 Qb6 13.c4 Nf6 14.Be3 c5 15.b4 Qxb4
16.Rb1 Qa5 17.Bf3 Ba6 18.Bxa8 Rxa8 19.Qb3 h6 20.f3 Rc8 21.Rfd1 Kh7 22.Bd2 Qd8
23.Qa4 Rc6 24.Ba5 Qe8 25.Qc2+ g6 26.Qc3 e5 27.f4 Ne4 28.Qxe5 Qxe5 29.fxe5 Bxc4
30.Rf1 Ng5 31.Rb7 Ra6 32.Bd8 Ne6 33.Bf6 Rxa2 34.Rxd7 Bd5 35.Rd1 Nd4 36.e6 Ne2+
37.Kf1 Bxe6 38.Rd8 g5 39.d7  1-0

[Event "XIII Adolfo Pedrido Mem"]
[Site "Vilagarcia de Arousa ESP"]
[Date "2005.08.07"]
[Round "7"]
[White "Gongora,M"]
[Black "Iotov,V"]
[Result "1/2-1/2"]
[WhiteElo "2466"]
[BlackElo "2447"]

1.e4 c5 2.Nf3 e6 3.d4 cxd4 4.Nxd4 Nc6 5.Nc3 Qc7 6.Be3 a6 7.Qd2 Nf6 8.O-O-O Bb4
9.f3 Ne5 10.Bg5 Bxc3 11.Qxc3 Qxc3 12.bxc3 d6 13.Be2 h6 14.Bf4 Ke7 15.Nb3 b6
16.Rd2 g5 17.Bg3 Nh5 18.Bf2 Nf4 19.Bxb6 Nxe2+ 20.Rxe2 Nc4 21.Bf2 e5 22.h4 Be6
23.hxg5 hxg5 24.Ree1 a5 25.a4 Bd7 26.Nd2 Nxd2 27.Kxd2 Rxh1 28.Rxh1  1/2-1/2

[Event "American Continental"]
[Site "Buenos Aires ARG"]
[Date "2005.08.08"]
[Round "3"]
[White "Parrilli,F"]
[Black "Duarte,L"]
[Result "1-0"]
[WhiteElo "2140"]
[BlackElo "2317"]

1.e4 c5 2.Nf3 e6 3.d4 cxd4 4.Nxd4 Nc6 5.Nc3 Qc7 6.Be2 a6 7.Be3 b5 8.Nxc6 Qxc6
9.a3 Bb7 10.Qd4 Rc8 11.f4 Ne7 12.O-O-O Qc7 13.Qd2 Nc6 14.Bb6 Qd6 15.Qxd6  1-0

[Event "92nd ch-GBR"]
[Site "Douglas IOM"]
[Date "2005.08.08"]
[Round "7"]
[White "Rudd,J"]
[Black "Emms,J"]
[Result "1/2-1/2"]
[WhiteElo "2268"]
[BlackElo "2509"]

1.e4 c5 2.Nf3 Nc6 3.d4 cxd4 4.Nxd4 e6 5.Nc3 a6 6.Be3 Nf6 7.f4 Bb4 8.Bd3 d5
9.e5 Nxd4 10.Bxd4 Ne4 11.O-O Bxc3 12.bxc3 Bd7 13.Qe2 b5 14.Rad1 Qe7 15.Bxe4 dxe4
16.Qxe4 O-O 17.Rd3 Rac8 18.Rh3 h6 19.Qe3 Rc4 20.Rff3 f5 21.exf6 Rxf6 22.f5 e5
23.g4 Rf7 24.Bxe5 Rxg4+ 25.Rhg3 Rxg3+ 26.Rxg3 Bxf5 27.Bd4 Bxc2 28.Qxe7 Rxe7
29.Kf2 Be4 30.Bc5 Rc7 31.Bd4 Kh7 32.h4 g6 33.Re3 Re7 34.Kg3 Re6  1/2-1/2

[Event "Stork YM"]
[Site "Hengelo NED"]
[Date "2005.08.08"]
[Round "1"]
[White "Belov,Vl"]
[Black "Vasilevich,I"]
[Result "1-0"]
[WhiteElo "2596"]
[BlackElo "2407"]

1.e4 c5 2.Nf3 e6 3.d4 cxd4 4.Nxd4 Nc6 5.Nc3 Qc7 6.Be3 a6 7.f4 Nxd4 8.Qxd4 b5
9.Be2 Bb7 10.O-O Nf6 11.Bf3 b4 12.Na4 Rc8 13.c3 bxc3 14.Nxc3 Qc4 15.Rac1 Qxd4
16.Bxd4 Rc4 17.e5 Rxd4 18.Bxb7 Rb4 19.Bf3 Ng8 20.Ne4 Kd8 21.Rc2 Nh6 22.a3 Rb8
23.Rd1 Be7 24.Rcd2 Ke8 25.Rxd7 Rxb2 26.Ra7 Rb8 27.Rxa6 Nf5 28.a4 h5 29.a5 Rh6
30.Rb6 Ra8 31.Nd6+ Bxd6 32.Bc6+ Kf8 33.exd6 Rd8 34.a6  1-0

[Event "ch-IRI Semi-Final"]
[Site "Tehran IRI"]
[Date "2005.08.08"]
[Round "6"]
[White "Sheikhi,M"]
[Black "Vahidi,M"]
[Result "1-0"]
[WhiteElo "2211"]
[BlackElo "2222"]

1.e4 c5 2.Nf3 Nc6 3.Nc3 e6 4.d4 cxd4 5.Nxd4 Qc7 6.Be3 a6 7.Bd3 Nf6 8.O-O Bd6
9.Nxc6 dxc6 10.f4 e5 11.f5 h5 12.Kh1 Ng4 13.Bg1 b5 14.a3 Bb7 15.Qd2 O-O-O
16.b4 c5 17.Be2 cxb4 18.Nd5 Bxd5 19.Qxd5 Qb7 20.Qb3 bxa3 21.c4 b4 22.c5 Bc7
23.c6 Qxc6 24.Qxb4 Bd6 25.Qa5 Kd7 26.Rac1 Qxe4 27.Bf3 Qb4 28.Qd5 Ke7 29.Rb1 Nf6
30.Qc6 Rc8 31.Qxa6 Qc4 32.Rb7+ Nd7 33.Qa7 Rc7 34.Rxc7 Qxc7 35.Qe3 Nf6 36.Rc1 Qa5
37.Qe2 Rb8 38.Bc5 Nd7 39.Bxd6+ Kxd6 40.Qa2 Ke7 41.Bxh5 Rf8 42.Bxf7 Nc5 43.Bg6 Kf6
44.Qf2 Ne6 45.fxe6+ Kxg6 46.Qxf8  1-0

[Event "HZ Open"]
[Site "Vlissingen NED"]
[Date "2005.08.08"]
[Round "3"]
[White "Tan,Mat"]
[Black "Meulblok,W"]
[Result "1-0"]
[WhiteElo "2298"]
[BlackElo "2084"]

1.e4 c5 2.Nf3 e6 3.d4 cxd4 4.Nxd4 Nc6 5.Nc3 a6 6.g3 d5 7.exd5 exd5 8.Bg2 Nf6
9.Bg5 Be6 10.O-O Be7 11.Re1 Nxd4 12.Qxd4 O-O 13.Rad1 Qa5 14.Bh3 Bc5 15.Qh4 Bxh3
16.Bxf6 Bf5 17.Rxd5 gxf6 18.Rxf5  1-0

[Event "American Continental"]
[Site "Buenos Aires ARG"]
[Date "2005.08.09"]
[Round "4"]
[White "Lima,Da"]
[Black "Sosa Harrison,J"]
[Result "1-0"]
[WhiteElo "2535"]
[BlackElo "2346"]

1.e4 c5 2.Nf3 e6 3.d4 cxd4 4.Nxd4 Nc6 5.Nc3 Nf6 6.Nxc6 bxc6 7.e5 Nd5 8.Ne4 Bb7
9.c4 Nb4 10.Bf4 c5 11.Bd3 Qh4 12.g3 Qh3 13.Qf3 Rb8 14.a3 Nxd3+ 15.Qxd3 Be7
16.Nd6+ Kf8 17.Nxb7 Qg2 18.O-O-O Rxb7 19.Bd2 h5 20.f3 f5 21.Qf1 Qxf1 22.Rhxf1 g5
23.h3 Kf7 24.Bc3 Rc8 25.Rd3 Rg8 26.g4 f4 27.Kc2 Rh8 28.Rd2 hxg4 29.hxg4 Rh3
30.Rff2 Bf8 31.Kd3 Rh1 32.Rh2 Re1 33.Rde2 Rf1 34.Ref2 Rd1+ 35.Kc2 Rg1 36.Rh5 Kg6
37.Rh8 Kf7 38.Rh5 Kg6 39.Rh8 Kf7 40.Kd3 Rd1+ 41.Rd2 Rb1 42.Kc2 Rf1 43.Rd3 Rf2+
44.Kd1 Kg7 45.Rh5 Kg6 46.Ke1 Rg2 47.Rd2 Rg1+ 48.Kf2 Rb1 49.Kg2 a5 50.Rh1 Rxh1
51.Kxh1 a4 52.Kg2 Kf7 53.Kf1 Be7 54.Ke1 Bf8 55.Kd1  1-0

[Event "92nd ch-GBR"]
[Site "Douglas IOM"]
[Date "2005.08.09"]
[Round "8"]
[White "White,Mi"]
[Black "Mitchell,M"]
[Result "1-0"]
[WhiteElo "2200"]
[BlackElo "2172"]

1.e4 c5 2.Nf3 e6 3.d4 cxd4 4.Nxd4 Nc6 5.Nc3 d6 6.g4 Nge7 7.Be3 a6 8.Qd2 Nxd4
9.Qxd4 Nc6 10.Qd2 Qc7 11.f4 Bd7 12.O-O-O Na5 13.Qf2 Nc4 14.Bxc4 Qxc4 15.Rd4 Qc7
16.f5 Bc6 17.fxe6 fxe6 18.Nd5 exd5 19.exd5 Be7 20.dxc6 Qxc6 21.Rhd1 O-O-O
22.Qf7 Qd7 23.Qd5 Bf6 24.Rb4 Kb8 25.Rb6 Rhe8 26.Rd3 Re5 27.Qf3 Rxe3 28.Qxe3 Qxg4
29.Kb1 Be5 30.a3 Qc4 31.Rdb3 Rd7 32.Qf3 d5 33.Qf5  1-0

[Event "XIII Adolfo Pedrido Mem"]
[Site "Vilagarcia de Arousa ESP"]
[Date "2005.08.09"]
[Round "9"]
[White "Abreu,A"]
[Black "Iotov,V"]
[Result "1/2-1/2"]
[WhiteElo "2442"]
[BlackElo "2447"]

1.e4 c5 2.Nf3 e6 3.d4 cxd4 4.Nxd4 Nc6 5.Nc3 Qc7 6.Be3 a6 7.Qd2 Nf6 8.O-O-O Bb4
9.f3 Ne5 10.Bg5 Bxc3 11.Qxc3 Qxc3 12.bxc3 d6 13.Nb3 Ke7 14.Be3 Ned7 15.c4 b6
16.a4 Bb7 17.a5 Rhc8 18.axb6 a5 19.Nd4 Nxb6 20.Nb5 Nxc4 21.Bxc4 Rxc4 22.Nxd6 Rc7
23.Bf4 Rd7 24.Nxb7 Rxb7 25.Bd6+ Ke8 26.Rd3 Nd7 27.Rhd1 Rc8 28.Rd4 Nb6 29.R1d3  1/2-1/2

[Event "XIII Adolfo Pedrido Mem"]
[Site "Vilagarcia de Arousa ESP"]
[Date "2005.08.09"]
[Round "9"]
[White "Pena Gomez,M"]
[Black "Hernandez,Hold"]
[Result "1/2-1/2"]
[WhiteElo "2297"]
[BlackElo "2458"]

1.e4 c5 2.Nf3 Nc6 3.d4 cxd4 4.Nxd4 e6 5.Nc3 a6 6.Be2 Qc7 7.a4 Nf6 8.O-O Bb4
9.Nxc6 bxc6 10.Qd4 Bd6 11.Kh1 O-O 12.Qd3 Be7 13.Bg5 Ng4 14.Bxg4 Bxg5 15.Rae1 d5
16.e5 a5 17.f4 Bh6 18.Qh3 Rb8 19.b3 Rb4 20.Qg3 f5 21.Be2 Qe7 22.Na2 Rb8 23.Qc3 Qc7
24.Nc1 g6 25.Qh3 Bg7 26.c4 Rd8 27.g4 Bf8 28.Rd1 Ba3 29.Qc3 Bxc1 30.Rxc1 d4
31.Qd3 c5 32.gxf5 Bb7+ 33.Bf3 gxf5 34.h3 Kh8 35.Kh2 Be4 36.Bxe4 fxe4 37.Qxe4 Rxb3
38.Rb1 Re3 39.Rb7 Rxe4 40.Rxc7 d3 41.Rb1 Rxf4 42.Rbb7 Rh4 43.Kg3 Rh5 44.Rd7 Rxd7
45.Rxd7 Rxe5 46.Rxd3 Re4 47.Rd8+ Kg7 48.Ra8 Rxc4 49.Rxa5 Rc1 50.Ra7+ Kg6
51.Re7 c4 52.a5 Rc3+ 53.Kg2 Ra3 54.Rxe6+ Kf5 55.Rc6 c3 56.a6 Kf4 57.a7  1/2-1/2

[Event "HZ Open"]
[Site "Vlissingen NED"]
[Date "2005.08.09"]
[Round "4"]
[White "Brinck Claussen,B"]
[Black "Fuchs,T"]
[Result "1-0"]
[WhiteElo "2348"]
[BlackElo "2080"]

1.e4 c5 2.Nf3 e6 3.d4 cxd4 4.Nxd4 Nc6 5.Nc3 a6 6.Be2 Qc7 7.O-O d6 8.Be3 Nf6
9.f4 Be7 10.Qe1 O-O 11.Qg3 b5 12.Nxc6 Qxc6 13.e5 Nd5 14.Nxd5 exd5 15.Bd3 f6
16.Qh4 h6 17.e6 d4 18.Bd2 Bxe6 19.Rae1 Qd7 20.f5 Bc4 21.Bxh6 gxh6 22.Bxc4+ bxc4
23.Qg4+ Kh8 24.Qg6 Bd8 25.Qxh6+ Kg8 26.Rf3  1-0

[Event "9th Open"]
[Site "Genova ITA"]
[Date "2005.08.10"]
[Round "3"]
[White "Mateo,Ra"]
[Black "Manfredi,V"]
[Result "1-0"]
[WhiteElo "2434"]
[BlackElo "2183"]

1.e4 c5 2.Nf3 e6 3.d4 cxd4 4.Nxd4 Nc6 5.Nc3 Qc7 6.Nb3 a6 7.Bd3 Nf6 8.O-O Be7
9.Qe1 d6 10.Kh1 b5 11.f4 Bb7 12.Be3 O-O 13.Qg3 Nb4 14.Nd4 Rfe8 15.a3 Nxd3
16.cxd3 Bf8 17.Rf3 g6 18.f5 exf5 19.Nxf5 Nh5 20.Qh3 Qc8 21.Bd4 Re5 22.Raf1 Bc6
23.g4 Nf6 24.Nxd6 Qxg4 25.Bxe5  1-0

[Event "Stork YM"]
[Site "Hengelo NED"]
[Date "2005.08.10"]
[Round "5"]
[White "Brandenburg,D"]
[Black "Spoelman,W"]
[Result "1/2-1/2"]
[WhiteElo "2371"]
[BlackElo "2365"]

1.e4 c5 2.Nf3 e6 3.d4 cxd4 4.Nxd4 Nc6 5.Nc3 Qc7 6.Be3 a6 7.Bd3 Nf6 8.O-O b5
9.Nxc6 Qxc6 10.f3 Bc5 11.Qe2 d6 12.Kh1 Bxe3 13.Qxe3 O-O 14.a4 b4 15.Ne2 Bb7
16.c3 bxc3 17.Nxc3 Nd7 18.Rac1 Qc5 19.Nd5 Qxe3 20.Nxe3 Nc5 21.Bc2 a5 22.Rfd1 Rfd8
23.Nc4 d5 24.Nxa5 Rxa5 25.b4 Rxa4 26.bxc5 Rc4 27.exd5 Rxd5 28.Bb3 Rxc1 29.Rxc1 Rd8
30.c6 Rc8 31.Ba4 Kf8 32.Kg1 Ke7 33.Kf2 Ba8 34.Ke3 Rc7 35.g4 Kd6 36.Rd1+ Ke7
37.Rc1 Kd6 38.Rd1+ Kc5 39.Rc1+ Kb6 40.Rb1+ Kc5 41.Rc1+ Kb4 42.Bc2 Rxc6 43.Rb1+ Kc5
44.Bxh7 Ra6  1/2-1/2

[Event "TCh-ESP Premier North"]
[Site "Barcelona ESP"]
[Date "2005.08.11"]
[Round "1"]
[White "Simon Padros,E"]
[Black "Zubimendi Her,J"]
[Result "1-0"]
[WhiteElo "2287"]
[BlackElo "1990"]

1.e4 c5 2.Nc3 e6 3.Nf3 Nc6 4.d4 cxd4 5.Nxd4 Qc7 6.g3 a6 7.Bg2 Nf6 8.O-O d6
9.Be3 Be7 10.Nb3 O-O 11.f4 Rb8 12.a4 b6 13.g4 Nd7 14.g5 Nc5 15.f5 Re8 16.f6 Bf8
17.Nd4 Bb7 18.Nxc6 Bxc6 19.Qh5 g6 20.Qh4 Nd7 21.Bd4 Ne5 22.Bxe5 dxe5 23.Rf3 Rbd8
24.Rh3 h6 25.Rd3 Rxd3 26.cxd3 Rd8 27.Bf1 b5 28.axb5 axb5 29.Qg3 b4 30.Nd1 Bb5
31.Nf2 Qc2 32.Ra5 Bc6 33.h4 h5 34.Qe3 Rd4 35.Qe2 Qc1 36.Ra6 Bb5 37.Rb6 Qc5
38.Rb8 Rxd3 39.Rxb5 Rg3+ 40.Kh2  1-0

[Event "92nd ch-GBR"]
[Site "Douglas IOM"]
[Date "2005.08.11"]
[Round "10"]
[White "Fraser,J"]
[Black "Poobalasingam,P"]
[Result "1/2-1/2"]
[WhiteElo "1959"]
[BlackElo "2067"]

1.e4 e6 2.d4 c5 3.Nf3 cxd4 4.Nxd4 Nc6 5.Nc3 Bb4 6.Nb5 Nf6 7.a3 Bxc3+ 8.Nxc3 O-O
9.Qd6 Ne8 10.Qd1 b6  1/2-1/2

[Event "TCh-ESP Premier North"]
[Site "Barcelona ESP"]
[Date "2005.08.12"]
[Round "2"]
[White "Suarez Pousa,D"]
[Black "Damljanovic,B"]
[Result "0-1"]
[WhiteElo "2400"]
[BlackElo "2612"]

1.e4 c5 2.Nc3 Nc6 3.Nf3 e6 4.d4 cxd4 5.Nxd4 Qc7 6.Be3 a6 7.Nb3 Nf6 8.f4 d6
9.Bd3 b5 10.Qf3 Bb7 11.O-O Be7 12.Qh3 Nb4 13.a3 Nxd3 14.cxd3 Rc8 15.Rac1 Qd7
16.Bd4 h5 17.Na5 Ba8 18.Na2 O-O 19.Nc3 e5 20.fxe5 dxe5 21.Bxe5 Qxh3 22.gxh3 Rfd8
23.Ne2 Nd7 24.Rxc8 Rxc8 25.Bc3 g6 26.Nb3 Bg5 27.Kf2 Nb6 28.Rg1 Bh6 29.Nbd4 Na4
30.Nf5 Bf8 31.Bf6 Kh7 32.Ne3 Nc5 33.Nf4 Bxe4 34.b4 Nxd3+ 35.Nxd3 Bxd3 36.Rd1 Bc4
37.Nxc4 Rxc4 38.Kf3 Bg7 39.Rd6 Bxf6 40.Rxf6 Rc3+ 41.Kg2 Rxa3 42.Rxf7+ Kh6
43.Rf6 Ra2+ 44.Kg3 Kg5 45.Rc6 Kf5  0-1

[Event "79th Anniv CAP"]
[Site "Posadas ARG"]
[Date "2005.08.13"]
[Round "3"]
[White "Jimenez,Joa"]
[Black "Valiente,C"]
[Result "1/2-1/2"]
[WhiteElo "2211"]
[BlackElo "2328"]

1.e4 c5 2.Nf3 Nc6 3.d4 cxd4 4.Nxd4 e6 5.Nc3 Qc7 6.Be2 a6 7.O-O Nf6 8.Be3 b5
9.Nxc6 dxc6 10.f4 Bb7 11.e5 Rd8 12.Qe1 Nd5 13.Nxd5 cxd5 14.c3 Be7 15.Qf2 Qc6
16.Bd4 O-O 17.Rae1 f5 18.exf6 Bxf6 19.Bg4 Rde8 20.Bxf6 Rxf6 21.Qd4 Qc4 22.b3 Qxd4+
23.cxd4 Kf7 24.Rc1 Rc8 25.g3 Ke7 26.Rxc8 Bxc8 27.Rc1 Kd7 28.Kg2 Bb7 29.h4 Kd6
30.Kf3 Bc6 31.a3 Bd7 32.Ke3 Rg6 33.Kf3 Rf6 34.Ke3 Rg6 35.Kf3  1/2-1/2

[Event "ch-SCG jr"]
[Site "Vrnjacka Banja SCG"]
[Date "2005.08.13"]
[Round "3"]
[White "Krstic,P"]
[Black "Lapcevic,M"]
[Result "1/2-1/2"]
[WhiteElo "2182"]
[BlackElo "2269"]

1.e4 c5 2.Nf3 e6 3.d4 cxd4 4.Nxd4 Nc6 5.Nc3 Qc7 6.Be3 a6 7.Qd2 Nf6 8.O-O-O Bb4
9.f3 Ne7 10.Bf4 e5 11.Bg3 O-O 12.Nb3 a5 13.a3 a4 14.axb4 axb3 15.Kb1 bxc2+
16.Qxc2 d5 17.Bd3 Be6 18.Nxd5 Nexd5 19.exd5 Qxc2+ 20.Bxc2 Nxd5 21.Bxe5 Ne3
22.Rde1 Nxc2 23.Kxc2 Bf5+ 24.Kd2 Rfd8+ 25.Ke3 f6 26.Bc3 Kf7  1/2-1/2

[Event "Masters"]
[Site "Abu Dhabi UAE"]
[Date "2005.08.14"]
[Round "1"]
[White "Illijin,N"]
[Black "Potkin,V"]
[Result "0-1"]
[WhiteElo "2242"]
[BlackElo "2534"]

1.e4 c5 2.Nf3 e6 3.d4 cxd4 4.Nxd4 Nc6 5.Nc3 Qc7 6.Be2 Nf6 7.O-O Be7 8.Kh1 O-O
9.f4 d6 10.Nxc6 bxc6 11.b3 c5 12.Bb2 Bb7 13.Bd3 g6 14.Qe2 d5 15.exd5 exd5
16.Rae1 Rae8 17.Bb5 Bc6 18.Bxc6 Qxc6 19.Qb5 Qc7 20.Re5 d4 21.Nd5 Nxd5 22.Rxd5 Rd8
23.Rxd8 Rxd8 24.Bc1 Bd6 25.Bd2 Rb8 26.Qe2 c4 27.bxc4 Rc8 28.f5 Qxc4 29.Qf3 Bf8
30.Bg5 Qxa2 31.fxg6 hxg6 32.Bf6 Rc5 33.Bxd4 Rf5 34.Qd1 Rxf1+ 35.Qxf1 a5 36.c4 Qd2
37.Be5 Qe3 38.Bf4 Qd4 39.h3 a4 40.Bg5 Bg7 41.Be7 Qe3 42.Bd6 a3 43.Qb1 Bd4
44.Qb8+ Kh7 45.Kh2 a2  0-1

[Event "American Continental"]
[Site "Buenos Aires ARG"]
[Date "2005.08.15"]
[Round "10"]
[White "Rojas,L"]
[Black "Duarte,L"]
[Result "0-1"]
[WhiteElo "2437"]
[BlackElo "2317"]

1.e4 c5 2.Nf3 e6 3.d4 cxd4 4.Nxd4 Nc6 5.Nc3 Qc7 6.Be2 a6 7.O-O Nf6 8.Be3 d6
9.f4 Be7 10.Kh1 O-O 11.Qe1 Nxd4 12.Bxd4 b5 13.a3 Bb7 14.Qg3 Bc6 15.Rae1 Qb7
16.Bd3 b4 17.Nd1 Bb5 18.Ne3 Bxd3 19.cxd3 bxa3 20.bxa3 Qb5 21.Nc4 Rad8 22.Rb1 Qe8
23.Rb7 d5 24.Ne5 Nh5 25.Qe3 dxe4 26.dxe4 Qa4 27.Nc6 Qxc6 28.Rxe7 Qc4 29.Rd1 Nxf4
30.Qxf4 Rxd4 31.Rf1 f6 32.Rc1 e5 33.Qe3 Qxc1+ 34.Qxc1 Rfd8 35.Qg1 Kf8 36.Ra7 R8d6
37.h3 Rd1 38.Qxd1 Rxd1+ 39.Kh2 Rd4 40.Rxa6 Kf7 41.Kg3 Rxe4 42.Kf3 Rc4 43.Ra7+ Kg6
44.a4 h5 45.a5 Rc3+ 46.Kf2 Rc2+ 47.Kf3 e4+ 48.Kxe4 Rxg2 49.Rc7 Ra2 50.Rc5 Ra3
51.h4 Ra4+ 52.Kd5 Rxh4 53.Rc4 Rh2 54.Ra4 Rd2+ 55.Ke6 Rd8 56.a6 Ra8 57.a7 h4
58.Rg4+ Kh6 59.Rxh4+ Kg5 60.Ra4 f5 61.Ke5 f4 62.Ra1 f3 63.Ke4 f2 64.Rf1 Rxa7
65.Rxf2 Ra4+ 66.Kd5 Kh4 67.Rg2 g5  0-1

[Event "American Continental"]
[Site "Buenos Aires ARG"]
[Date "2005.08.15"]
[Round "10"]
[White "Leitao,R"]
[Black "Sunye Neto,J"]
[Result "1-0"]
[WhiteElo "2598"]
[BlackElo "2530"]

1.e4 c5 2.Nf3 e6 3.d4 cxd4 4.Nxd4 Nc6 5.Nc3 Qc7 6.Be2 a6 7.O-O Nf6 8.Kh1 d6
9.f4 Be7 10.Be3 O-O 11.Qe1 Bd7 12.Qg3 Rac8 13.Rad1 b5 14.e5 Ne8 15.Ne4 dxe5
16.fxe5 f5 17.Nd6 Nxd6 18.exd6 Bxd6 19.Nxb5 Bxg3 20.Nxc7 Bxc7 21.Rxd7 Ne5
22.Re7 f4 23.Rxf4 Bd6 24.Rxf8+ Kxf8 25.Rxe6 Rxc2 26.Bd1  1-0

[Event "ch-FRA w"]
[Site "Chartres FRA"]
[Date "2005.08.15"]
[Round "1"]
[White "Martsynovskaya,M"]
[Black "Lallemand,R"]
[Result "0-1"]
[WhiteElo "2252"]
[BlackElo "2287"]

1.e4 c5 2.Nf3 e6 3.d4 cxd4 4.Nxd4 Nc6 5.Nc3 Qc7 6.Nxc6 bxc6 7.Bd3 d5 8.O-O Nf6
9.Qe2 Be7 10.b3 O-O 11.Bb2 d4 12.e5 dxc3 13.exf6 Bxf6 14.Qe4 g6 15.Ba3 Rd8
16.Qf3 Be5 17.h4 a5 18.Rad1 Bb7 19.h5 a4 20.Bc1 axb3 21.axb3 Rd4 22.Qh3 Qe7
23.f4 Bg7 24.Be3 Rd7 25.hxg6 hxg6 26.Kf2 Ra5 27.g4 Rad5 28.Rh1 Kf8 29.Qh8+ Bxh8
30.Rxh8+ Kg7 31.Rdh1 Rh5 32.gxh5 Kxh8 33.hxg6+ Kg8 34.Rh7 Qf6 35.g7  0-1

[Event "79th Anniv CAP"]
[Site "Posadas ARG"]
[Date "2005.08.15"]
[Round "7"]
[White "Caro,E"]
[Black "Valiente,C"]
[Result "1/2-1/2"]
[WhiteElo "2215"]
[BlackElo "2328"]

1.e4 c5 2.Nf3 Nc6 3.d4 cxd4 4.Nxd4 e6 5.Nc3 Qc7 6.Be3 a6 7.g3 Nf6 8.Bg2 Be7
9.a4 d6 10.O-O O-O 11.f4 Re8 12.Nb3 b6 13.e5 Nd7 14.Nd4 Nxd4 15.Bxa8 dxe5
16.Bg2 Nf5 17.Bc1 Bc5+ 18.Kh1 Bd4 19.fxe5 Bxe5 20.Ne4 Bb7 21.c3 Bd5 22.Ng5 Bc4
23.Rf2 Nc5 24.Qh5 h6 25.Nxf7 Rf8 26.Rxf5 exf5  1/2-1/2